000 00272nam a22001217a 4500
008 171123b xxu||||| |||| 00| 0 eng d
041 _aeng
080 _a82
100 _a21
101 _aGJL
245 _aANTHOLOGY OF AMERICAN LITERATURE
_cMICHAEL,M,G
942 _2udc
_cBK
999 _c38357
_d38357